000 00682nam a2200265Ia 4500
005 20260302114648.0
008 008 260114s9999 xx 000 0 eng d
020 _a9781472598295
037 _aTextbook
040 _aCRL
040 _beng
040 _cCRL
041 _2eng
041 _aeng
084 _qCRL
100 _aAlexander Of Aphrodisias
_91119374
245 0 _aAlexander of Aphrodisias on Fate
260 _bBloomsbury
260 _bBloomsbury Academic
260 _c1984
650 _aPhilosophy
856 _uhttps://dx.doi.org/10.5040/9781472598295?locatt=label:secondary_bloomsburyCollections
942 _cEBOOK
999 _c1683395
_d1683395